000 00596nam a2200205Ia 4500
003 GCL
008 140319s9999 xx 000 0 ara d
040 _aGCL /
_cGCL
082 0 4 _a335.4
_bم ن
100 1 _aجورج طرابيشى
245 1 0 _aالنظرية الاقتصادية الماركسية /
_cجورج طرابيشى
700 1 _aمانول, ازنست
260 _a[S.N] :
_bدار الحقيقة للطباعة والنشر
300 _a551
490 _a
650 0 4 _aالاقتصاد
650 0 4 _aنظريات
650 0 4 _aماركس، كارل
942 _2ddc
_cBK
999 _c30804
_d30804